[Event "NOR-chB"]
[Site "Moss"]
[Date "2006.07.10"]
[Round "4"]
[White "Aasum, Anker"]
[Black "Sjursen, Hans Jorgen"]
[Result "1-0"]
[WhiteElo "1523"]
[BlackElo "1557"]
[PlyCount "45"]
[EventDate "2006.07.08"]
[EventType "swiss"]
[EventRounds "9"]
[EventCountry "NOR"]
[SourceTitle "EXT 2007"]
[Source "ChessBase"]
[SourceDate "2006.11.23"]
[SourceVersion "1"]
[SourceVersionDate "2006.11.23"]
[SourceQuality "1"]

1. Nc3 d5 2. e3 Nf6 3. f4 e6 4. Nf3 Be7 5. d4 Nbd7 6. Bd3 c5 7. Ne5 c4 8. Be2 0-0 9. g3 a6 10. a3 Qc7 11. Bf3 Rb8 12. h4 Nxe5 13. fxe5 Nd7 14. e4 dxe4 15. Nxe4 f6 16. exf6 Bxf6 17. c3 e5 18. d5 Nc5 19. d6 Nd3+ 20. Qxd3 cxd3 21. dxc7 Ra8 22. Nxf6+ Rxf6 23. Bd5+ 1-0

[Event "Sotra Hostturneringen"]
[Site "Sotra"]
[Date "2005.11.10"]
[Round "8"]
[White "Sjursen, Hans Jorgen"]
[Black "Kallesoe, Torben"]
[Result "0-1"]
[WhiteElo "1556"]
[BlackElo "1374"]
[PlyCount "64"]
[EventDate "2005.08.25"]
[EventType "swiss"]
[EventRounds "9"]
[EventCountry "NOR"]
[SourceTitle "EXT 2007"]
[Source "ChessBase"]
[SourceDate "2006.11.23"]
[SourceVersion "1"]
[SourceVersionDate "2006.11.23"]
[SourceQuality "1"]

1. c4 e6 2. Nc3 d5 3. e3 Nf6 4. Nf3 c5 5. d4 cxd4 6. Nxd4 Be7 7. Be2 dxc4 8. 0-0 0-0 9. Bxc4 Qc7 10. Be2 Rd8 11. Ncb5 Qc5 12. Bd2 Na6 13. Rc1 Qb6 14. Qe1 Rxd4 15. exd4 Qd8 16. Be3 Bd7 17. a3 Nd5 18. Nc3 Nac7 19. Qd1 f5 20. Qb3 Bf6 21. Bf3 Bc6 22. Rfd1 g5 23. Nxd5 Nxd5 24. Bxd5 Bxd5 25. Qc3 f4 26. Bd2 f3 27. gxf3 Qe8 28. f4 g4 29. Qg3 Qh5 30. h3 Kh8 31. Rc5 gxh3 32. Rxd5 Qxd1+ 0-1

[Event "Sotra Hostturneringen"]
[Site "Sotra"]
[Date "2005.09.29"]
[Round "4"]
[White "Woldseth, Ole"]
[Black "Sjursen, Hans Jorgen"]
[Result "1/2-1/2"]
[WhiteElo "1773"]
[BlackElo "1556"]
[PlyCount "65"]
[EventDate "2005.08.25"]
[EventType "swiss"]
[EventRounds "9"]
[EventCountry "NOR"]
[SourceTitle "EXT 2007"]
[Source "ChessBase"]
[SourceDate "2006.11.23"]
[SourceVersion "1"]
[SourceVersionDate "2006.11.23"]
[SourceQuality "1"]

1. d4 Nf6 2. c4 e6 3. Nf3 b6 4. a3 Bb7 5. Nc3 Be7 6. d5 0-0 7. e4 exd5 8. cxd5 Ba6 9. Bd3 Bxd3 10. Qxd3 a5 11. 0-0 Na6 12. Be3 Nc5 13. Qc4 c6 14. Bxc5 Bxc5 15. Rad1 cxd5 16. Nxd5 Rc8 17. Nxf6+ Qxf6 18. e5 Qxf3 19. gxf3 Bxf2+ 20. Rxf2 Rxc4 21. Rxd7 Rc5 22. f4 h6 23. Rb7 Rc6 24. Rd2 Rc4 25. f5 Rg4+ 26. Kf1 Rf4+ 27. Rf2 Rxf2+ 28. Kxf2 Re8 29. e6 fxe6 30. Rxb6 Rf8 31. Rxe6 Rxf5+ 32. Kg3 Rb5 33. Ra6 1/2-1/2